| 000 | 00550nam a22002057a 4500 | ||
|---|---|---|---|
| 999 |
_c16762 _d16762 |
||
| 003 | OSt | ||
| 005 | 20180323130612.0 | ||
| 008 | 180323b xxu||||| |||| 00| 0 eng d | ||
| 020 | _a9789350359150 | ||
| 040 | _cKABU | ||
| 050 |
_aK 89 _b.S78 2012 C.1 |
||
| 100 | _aStuhmcke, Anita | ||
| 245 |
_aLegal referencing _cAnita Stuhmcke |
||
| 250 | _a4th ed. | ||
| 260 |
_aAustralia _bReed international books Australia pty ltd |
||
| 300 | _axi, 236 p. | ||
| 650 | _aCitation of legal authorities | ||
| 650 | _aLegal research | ||
| 942 |
_2lcc _cBK |
||